Direito Municipal em Movimento (Registro nro. 161977)
[ vista simple ]
| 000 -LEADER | |
|---|---|
| fixed length control field | 00768nam a22002417a 4500 |
| 007 - PHYSICAL DESCRIPTION FIXED FIELD--GENERAL INFORMATION | |
| fixed length control field | cr|||| |||| |
| 008 - FIXED-LENGTH DATA ELEMENTS--GENERAL INFORMATION | |
| fixed length control field | 130125e2012 bl |||||s|||| 00||0 por d |
| 020 ## - INTERNATIONAL STANDARD BOOK NUMBER | |
| International Standard Book Number | 8580201969 |
| 035 ## - | |
| -- | 6759 |
| 040 ## - CATALOGING SOURCE | |
| Original cataloging agency | vLex |
| 090 ## - | |
| -- | 3592 |
| -- | 3592 |
| 100 10 - MAIN ENTRY--PERSONAL NAME | |
| Personal name | Artero, Davi Alessandro Donha |
| 245 10 - TITLE STATEMENT | |
| Title | Direito Municipal em Movimento |
| Remainder of title | Pareceres e opiniões pontuais |
| Medium | [Recurso electrónico] |
| 256 ## - | |
| -- | Servicio en línea |
| 260 ## - PUBLICATION, DISTRIBUTION, ETC. (IMPRINT) | |
| Place of publication, distribution, etc | São Paulo : |
| Name of publisher, distributor, etc | Editora NELPA, |
| Date of publication, distribution, etc | 2012 |
| 300 ## - PHYSICAL DESCRIPTION | |
| Extent | 1 Recurso electrónico |
| 650 04 - SUBJECT ADDED ENTRY--TOPICAL TERM | |
| Topical term or geographic name as entry element | Derecho administrativo |
| Geographic subdivision | Brasil |
| 650 04 - SUBJECT ADDED ENTRY--TOPICAL TERM | |
| Topical term or geographic name as entry element | Administración local |
| Geographic subdivision | Brasil |
| 740 ## - | |
| -- | vLex Libros (Servicio en línea) |
| 856 ## - LOCALIZACIÓN Y ACCESO ELECTRÓNICO | |
| Host name | Acceso restringido |
| Identificador Uniforme del Recurso (URI/URL) | http://www.vlex.com/source/6759 |
| 942 ## - | |
| -- | RAA |
| 999 ## - | |
| -- | 161977 |
| -- | 161977 |
No hay ítems disponibles.